00547nam a2200145 a 450000100100000000500170001000800410002704000250006824500670009326000430016030000270020371000520023095201040028299900150038600000706720230306100131.0090904s2002 dr 001 0 spa d aDO-SdBNPbspacBNPHU00aPrincipales convenios sobre arbitraje comercial internacional. aSanto Domingo :bFINJUS, UASID,c2002. a73 p. :bil. ;c22 cm.1 aFundación Institucionalidad y Justicia919649 0010718PDaPDbPDcCTd2009-09-04iLF1l0o p7067-10r2020-06-25w2020-06-25yLFPDZNo se presta c6850d6850